La escritura del niño
Saved in:
| Main Authors: | , |
|---|---|
| Format: | Book |
| Language: | Spanish |
| Published: |
Barcelona
Laia
1981
|
| Series: | Colección Laia Paberback
|
| Subjects: | |
| Tags: |
Add Tag
No Tags, Be the first to tag this record!
|
MARC
| LEADER | 00000nam a2200000 a 4500 | ||
|---|---|---|---|
| 001 | UCW7380 | ||
| 003 | CL-VaPUC | ||
| 008 | 921120e19810000SP |||||||||||||||||spa|d | ||
| 082 | 0 | 4 | |a 372.634 |b AJU |2 21 |
| 100 | |a Ajuriaguerra, Julián de |e author |9 343712 | ||
| 700 | 0 | |a Auzias, Marguerite |e author |9 312537 | |
| 245 | 1 | 3 | |a La escritura del niño |
| 300 | |a 2 v | ||
| 942 | |c BK | ||
| 945 | |d 19921120 00:00:00 | ||
| 260 | |a Barcelona |b Laia |c 1981 | ||
| 650 | 7 | |a ESCRITURA ENSEÑANZA |2 CL-VaPUC |9 310469 | |
| 650 | 0 | |a Aspectos psicológicos |9 258128 | |
| 650 | 7 | |a NIÑOS ESCRITURA |2 CL-VaPUC |9 308908 | |
| 583 | |a last modification |c 19921120 00:00:00 |k Rodrigo Vera | ||
| 490 | 0 | |a Colección Laia Paberback | |
| 999 | |c 220163 |d 220161 | ||
| 952 | |0 0 |1 0 |4 0 |6 372_634000000000000_AJU_1981 |7 0 |8 P |9 212031 |a BIBEDU |b BIBEDU |c BIBEDU_PB |d 2019-11-15 |h v.1 |i 2802570 |o 372.634 AJU 1981 |p 2802570 |r 2024-01-25 |w 2019-11-15 |y BK |k EDU | ||
| 952 | |0 0 |1 0 |4 0 |6 372_634000000000000_AJU_1981 |7 0 |8 P |9 212032 |a BIBEDU |b BIBEDU |c BIBEDU_PB |d 2019-11-15 |h v.2 |i 2802589 |o 372.634 AJU 1981 |p 2802589 |r 2024-01-25 |w 2019-11-15 |y BK |k EDU | ||
| 952 | |0 0 |1 0 |4 0 |6 372_634000000000000_AJU_1981 |7 0 |8 P |9 212033 |a BIBEDU |b BIBEDU |c BIBEDU_PB |d 2019-11-15 |h v.1 |i 2802597 |o 372.634 AJU 1981 |p 2802597 |r 2024-01-25 |w 2019-11-15 |y BK |k EDU | ||
| 952 | |0 0 |1 0 |4 0 |6 372_634000000000000_AJU_1981 |7 0 |8 P |9 212034 |a BIBEDU |b BIBEDU |c BIBEDU_PB |d 2019-11-15 |h v.2 |i 2802600 |o 372.634 AJU 1981 |p 2802600 |r 2024-01-25 |w 2019-11-15 |y BK |k EDU | ||
| 952 | |0 0 |1 0 |4 0 |6 372_634000000000000_AJU_1981 |7 0 |8 P |9 212035 |a BIBEDU |b BIBEDU |c BIBEDU_PB |d 2019-11-15 |h v.2 |i 2802619 |o 372.634 AJU 1981 |p 2802619 |r 2024-01-25 |w 2019-11-15 |y BK |k EDU | ||